[Event "Lueneburg op-A"]
[Site "Lueneburg"]
[Date "2019.08.04"]
[Round "2"]
[White "Koellner, Christoph"]
[Black "Kasipour Azbari, Seyed Arvin"]
[Result "1-0"]
[WhiteElo "2075"]
[BlackElo "1740"]
[PlyCount "67"]
[EventDate "2019.08.03"]
[EventType "swiss"]
[EventRounds "9"]
[EventCountry "GER"]
[SourceTitle "CBM 191 Extra"]
[Source "ChessBase"]
[SourceDate "2019.09.30"]
[SourceVersion "1"]
[SourceVersionDate "2019.09.30"]
[SourceQuality "1"]

1. d4 Nf6 2. Bg5 d5 3. e3 Bf5 4. Bxf6 exf6 5. Nf3 Bd6 6. c4 c6 7. Nc3 Be6 8. c5 Bc7 9. b4 0-0 10. Qc2 f5 11. Bd3 g6 12. g3 Nd7 13. 0-0 Nf6 14. Rfb1 Ne4 15. b5 Ng5 16. Be2 Nxf3+ 17. Bxf3 f4 18. Re1 fxg3 19. hxg3 f5 20. Kg2 Qg5 21. bxc6 bxc6 22. Ne2 h5 23. Qa4 f4 24. Qxc6 Qf5 25. Nxf4 Bxf4 26. exf4 Rae8 27. Re5 Qh3+ 28. Kg1 h4 29. Rg5 hxg3 30. fxg3 Kf7 31. Bg2 Qh8 32. Re5 Qf6 33. Rae1 Rh8 34. Bxd5 1-0